000 00903nab a2200265 u 4500
001 11125
003 HDC
007 cr bn ---aaaaa
008 210206c9999 |r|noo 0 a eng d
040 _aHDC
100 _aBurton, Steven
_eauthor
_911352
245 0 _aHalal Meat May Be Processed Differently, But Is it Safer? / by
_cSteven Burton
260 _a[no place] :
_b[publisher not identified],
_c[no year]
336 _atext
_2rdacontent
337 _acomputer
_2rdamedia
338 _aonline resource
_2rdacarrier
650 _aHalal food
_950
650 _aHalal meat
_91025
650 _aMuslim dietary laws
_911353
710 _aHuffington Post Canada
856 _zRequest full-text at [email protected]
942 _2lcc
942 _cNEWS
942 _kNWSO 001260
999 _c8448
_d8448